Dzielnica Gdańska czy Warszawy? - klikanie - Statystyki

Ogólne statystyki
  • Ten quiz został rozwiązany 75 razy
  • Średni wynik to 23 z 24
Statystyki odpowiedzi
Hint Odpowiedź % Poprawnych
Nowy Port Gdańsk
100%
Przymorze Wielkie Gdańsk
100%
Orunia-św. Wojciech-Lipce Gdańsk
100%
Białołęka Warszawa
100%
Zaspa-Rozstaje Gdańsk
99%
Matarnia Gdańsk
99%
Wilanów Warszawa
99%
Praga-Południe Warszawa
99%
Targówek Warszawa
99%
Żoliborz Warszawa
99%
Oliwa Gdańsk
97%
Wrzeszcz Górny Gdańsk
97%
Mokotów Warszawa
97%
Ursus Warszawa
97%
Ochota Warszawa
97%
Ursynów Warszawa
97%
Stogi Gdańsk
96%
Bemowo Warszawa
96%
Wawer Warszawa
94%
Jasień Gdańsk
91%
Wesoła Warszawa
90%
Piecki-Migowo Gdańsk
89%
Krakowiec-Górki Zachodnie Gdańsk
81%
Siedlce Gdańsk
74%
Nie znaleziono quizów pasujących do podanych kryteriów
Rozkład punktacji
Procent ludzi z każdym wynikiem
Percentyl według liczby udzielonych odpowiedzi
Twoja historia wyników
Nie rozwiązałeś tego quizu